| 000 | 01694 a2200229 4500 | ||
|---|---|---|---|
| 001 | 46093 | ||
| 005 | 20260407155734.0 | ||
| 008 | 260407a2001 arg spa d | ||
| 003 | AR-UNSa-BCEJYS | ||
| 040 |
_aAR-UNSa-BCEJYS _bspa _cAR-UNSa-BCEJYS |
||
| 080 |
_a304.4 _xAspectos generales de las políticas y prácticas sociales y culturales (política social) |
||
| 245 | 1 | 0 |
_a¿Más y mejor bienestar en las provincias? _pensayos sobre economía y gestión de las políticas sociales en Mendoza |
| 020 | _a987-1024-10-X | ||
| 264 | 1 |
_aMendoza : _bUniversidad Nacional de Cuyo _c2001 |
|
| 300 |
_a161 p. _c26 cm. |
||
| 505 | _a1. ¿ Es redistributivo el gasto público provincial en salud en Mendoza? / Fabio M. Bertranou - 2. Análisis del mercado laboral informal en el Gran Mendoza durante los años noventa / Raúl Mercau y Andrea Suoni - 3. ¿ Qué sucedió en el Gran Mendoza con la distribución del ingreso en la década de los noventa? / Sergio Olivieri, Andrea Podestá y Andrea Sánchez - 4. Pobreza: el desafío social del nuevo siglo / Sergio Olivieri, Andrea Podestá y Andrea Sánchez - 5. Exclución social, vulnerabilidad y pobreza en Mendoza / Mónica Iris Calderón e Íris Perlbach de Maradona / Institucionalidad social: el FIDES y la política social de Mendoza / Julián Bertranou - 6. Análisis de incidencia del gasto público en educación en Mendoza / Evelina Bertranou - 7. Desigualdades en salud asociadas al ingreso / Fabio Bertranou - | ||
| 041 | _aspa | ||
| 942 | _cBK | ||
| 590 | _aniveau_biblio:m niveau_hierar:0 | ||
| 100 | 1 | _aBertranou, Fabio M. | |
| 856 | 4 | 1 |
_uhttps://www.biblioeco.unsa.edu.ar/pmb/images/libros/L127337.jpg _yImagen de portada _qimage/jpeg |
| 999 |
_c4158 _d4158 |
||